Emergencia (Record no. 258)
[ view plain ]
| 000 -LEADER | |
|---|---|
| campo de control de longitud fija | 00401 a2200157 4500 |
| 020 ## - NÚMERO INTERNACIONAL ESTÁNDAR DEL LIBRO | |
| Número Internacional Estándar del Libro | 8493232580/8489698570 |
| 082 ## - NÚMERO DE LA CLASIFICACIÓN DECIMAL DEWEY | |
| Número de clasificación | 708 |
| Número de ítem | J11e |
| 100 ## - ENTRADA PRINCIPAL--NOMBRE DE PERSONA | |
| Nombre de persona | Alfredo Jaar |
| 9 (RLIN) | 1188 |
| 110 ## - ENTRADA PRINCIPAL--NOMBRE DE ENTIDAD CORPORATIVA | |
| Nombre de entidad corporativa o nombre de jurisdicción como elemento de entrada | MUSAC |
| 9 (RLIN) | 1189 |
| 245 ## - MENCIÓN DEL TÍTULO | |
| Título | Emergencia |
| 260 ## - PUBLICACIÓN, DISTRIBUCIÓN, ETC. | |
| Lugar de publicación, distribución, etc. | Espaą |
| Nombre del editor, distribuidor, etc. | MUSAC |
| 300 ## - DESCRIPCIÓN FÍSICA | |
| Extensión | 261 p |
| Dimensiones | 23 cm |
| 650 ## - PUNTO DE ACCESO ADICIONAL DE MATERIA--TÉRMINO DE MATERIA | |
| Término de materia o nombre geográfico como elemento de entrada | Exhibiciones-Africa |
| Subdivisión cronológica | 2000 |
| Subdivisión geográfica | Castilla y Leon, Espaą |
| 9 (RLIN) | 1190 |
| 700 ## - ENTRADA AGREGADA--NOMBRE PERSONAL | |
| Nombre de persona | Alfredo Jaar |
| 9 (RLIN) | 1191 |
| 710 ## - ENTRADA AGREGADA--NOMBRE DE ENTIDAD CORPORATIVA | |
| Nombre de entidad corporativa o nombre de jurisdicción como elemento de entrada | MUSAC |
| 9 (RLIN) | 1192 |
| Estatus retirado | Estado de pérdida | Fuente del sistema de clasificación o colocación | Estado de daño | No para préstamo | Biblioteca de origen | Biblioteca actual | Ubicación en estantería | Fecha de adquisición | Total de préstamos | Signatura topográfica completa | Código de barras | Visto por última vez | Precio de reemplazo | Tipo de ítem Koha |
|---|---|---|---|---|---|---|---|---|---|---|---|---|---|---|
| Clasificación Decimal Dewey | Biblioteca LadoV | Biblioteca LadoV | 11/07/2014 | 708 J11e | 000271 | 11/07/2014 | 11/07/2014 | Material 01 |
